| 000 | 00358nam a22001457a 4500 | ||
|---|---|---|---|
| 005 | 20251209125116.0 | ||
| 008 | 251209b |||||||| |||| 00| 0 eng d | ||
| 050 | _aRJ 41 .N87 2009 | ||
| 100 | _aNURSING COUNCIL | ||
| 245 | _aMANUAL OF CLINICAL PROCEDURES | ||
| 250 | _a3rd | ||
| 260 |
_aKENYA _bNURSING COUNCIL _c2009 |
||
| 300 | _a380 | ||
| 942 |
_2lcc _cBK |
||
| 999 |
_c216345 _d216345 |
||